00361nam a2200109Ia 4500008004100000082000800041100001300049245007200062942000600134952009600140999001500236240331s9999 xx 000 0 und d bREF aLogo. ed 0aReferendum 1982 :beclipse of parliamentary democracy in Sri Lanka cL 001040708LaWERCLbWERCLcSSCd2024-03-31l0o 324.6 REFp202r2024-03-31w2024-03-31yL c5442d5442